| 000 | 00559cam a22001695i 4500 | ||
|---|---|---|---|
| 999 |
_c58739 _d58739 |
||
| 001 | 21512760 | ||
| 005 | 20221107121348.0 | ||
| 008 | 200426s2020 ilu b 001 0 eng | ||
| 020 | _a9781579550356x | ||
| 080 | _a53:51 W-81 | ||
| 100 | 1 |
_aWolfram, Stephen _d _914367 |
|
| 245 | 1 | 2 |
_aA project to find the fundamental theory of physics / _cStephen Wolfram. |
| 264 | 1 |
_aChampaign, IL : _bWolfram Media, Inc., _c2020. |
|
| 300 |
_a770 p.: _bcolor illustrations ; _c26 cm. |
||
| 653 | _aმათემატიკური ფიზიკა | ||
| 942 |
_2udc _cBK |
||